Riconosci il Pokémon - Quiz n°147 - Statistics

Statistiche generali
  • Questo quiz è stato fatto 1 volte
  • Il punteggio medio è 3 su 10
Statistiche sulle risposte
Indizio Risposta % Corretto
Peso 8,9 kg
100%
Tipo Folletto / Acciaio
100%
Generazione Nona
100%
Sesso 100% ♀
0%
Tasso di cattura 190 (35.2%)
0%
Altezza 0,4 m
0%
Stadio evoluzione Base
0%
Tasso di allevamento Medio-Lento
0%
Abilità Rompiforma; Monte Locale; Arraffalesto
0%
Pokémon Tinkatink
0%
Nessun quiz corrispondente trovato
Distribuzione punteggi
Percentuale di utenti per punteggio
Percentile per numero di risposta
I tuoi punteggi nel tempo
Non hai fatto questo quiz